Clinical Pharmacy and Therapeutics (Record no. 623)

MARC details
000 -LEADER
fixed length control field 00629nam a22002177a 4500
003 - CONTROL NUMBER IDENTIFIER
control field OSt
005 - DATE AND TIME OF LATEST TRANSACTION
control field 20210427092451.0
008 - FIXED-LENGTH DATA ELEMENTS--GENERAL INFORMATION
fixed length control field 141028b xxu||||| |||| 00| 0 eng d
020 ## - INTERNATIONAL STANDARD BOOK NUMBER
International Standard Book Number 0443071381
040 ## - CATALOGING SOURCE
Transcribing agency DLC
082 ## - DEWEY DECIMAL CLASSIFICATION NUMBER
Classification number QV704 C611r 2003
100 ## - MAIN ENTRY--PERSONAL NAME
Personal name Edited by Roger, Walker; Clive, Edwards
9 (RLIN) 11936
245 ## - TITLE STATEMENT
Title Clinical Pharmacy and Therapeutics
250 ## - EDITION STATEMENT
Edition statement 3rd ed.
260 ## - PUBLICATION, DISTRIBUTION, ETC. (IMPRINT)
Place of publication, distribution, etc. London :
Name of publisher, distributor, etc. Churchill Livingstone ;
Date of publication, distribution, etc. 2003.
300 ## - PHYSICAL DESCRIPTION
Extent xiv, 937 p. :
Other physical details col.ill ;
Dimensions 28 cm.
504 ## - BIBLIOGRAPHY, ETC. NOTE
Bibliography, etc Includes bibliographical references and index.
650 ## - SUBJECT ADDED ENTRY--TOPICAL TERM
Topical term or geographic name as entry element Pharmacy
9 (RLIN) 1625
650 ## - SUBJECT ADDED ENTRY--TOPICAL TERM
Topical term or geographic name as entry element Therapeutics
9 (RLIN) 1626
942 ## - ADDED ENTRY ELEMENTS (KOHA)
Source of classification or shelving scheme Other/Generic Classification Scheme
Koha item type Short Loan
Holdings
Withdrawn status Lost status Source of classification or shelving scheme Damaged status Not for loan Home library Current library Date acquired Source of acquisition Inventory number Total Checkouts Full call number Barcode Date last seen Koha item type Date last checked out
    Other/Generic Classification Scheme     MUST Main Library MUST Main Library 28/10/2014 Purchase 04/22467   QV 704 C611r 2003 2014-3175 28/10/2014 Short Loan  
    Other/Generic Classification Scheme     MUST Main Library MUST Main Library 25/05/2016 Purchase 04/21131   QV 704 C611r 2003 2016-2135 25/05/2016 Open Shelf  
    Other/Generic Classification Scheme     MUST Main Library MUST Main Library 27/04/2021 Purchase 09/31319 1 QV704 C611r 2003 2021-0448 27/01/2023 Open Shelf 18/01/2023